The exploration of time (Record no. 1923)

MARC details
000 -LEADER
fixed length control field 00507nam a2200181Ia 4500
003 - CONTROL NUMBER IDENTIFIER
control field IN-BaIIA
008 - FIXED-LENGTH DATA ELEMENTS--GENERAL INFORMATION
fixed length control field 211028s9999 xx 000 0 eng d
040 ## - CATALOGING SOURCE
Transcribing agency IIA Library
080 ## - UNIVERSAL DECIMAL CLASSIFICATION NUMBER
Universal Decimal Classification number 50
Item number BOW
100 ## - MAIN ENTRY--PERSONAL NAME
Personal name Bowen, R. N. C
9 (RLIN) 3662
245 #4 - TITLE STATEMENT
Title The exploration of time
Statement of responsibility, etc. R. N. C. Bowen
260 ## - PUBLICATION, DISTRIBUTION, ETC.
Place of publication, distribution, etc. London
Name of publisher, distributor, etc. George Newnes
Date of publication, distribution, etc. 1958
300 ## - PHYSICAL DESCRIPTION
Extent vii, 143p.
500 ## - GENERAL NOTE
General note Contains illustrations
650 ## - SUBJECT ADDED ENTRY--TOPICAL TERM
Topical term or geographic name entry element NASA Thesaurus
650 ## - SUBJECT ADDED ENTRY--TOPICAL TERM
Topical term or geographic name entry element Science
9 (RLIN) 1299
942 ## - ADDED ENTRY ELEMENTS (KOHA)
Koha item type Books
Holdings
Withdrawn status Lost status Damaged status Not for loan Home library Current library Shelving location Date acquired Cost, normal purchase price Total Checkouts Full call number Barcode Date last seen Cost, replacement price Price effective from Koha item type Purchase Price
        IIA Library-Bangalore IIA Library-Bangalore General Stacks   27.00   50/ BOW 2115 05/11/2021 27.00   Books Rs. 27.00

Powered by Koha